[Event "Mittelfrankenliga 05/06 (B1)"]
[Site "Mfr.2005/06-R2"]
[Date "2005.11.20"]
[Round "2.6"]
[White "Cipra, Lothar"]
[Black "Linsenmeyer, Mario"]
[Result "1-0"]
[WhiteElo "1908"]
[BlackElo "1931"]
[Annotator "Schwanstetten1-Gr'seebach1"]
[PlyCount "89"]
[EventDate "2005.11.20"]
[SourceDate "2005.10.17"]

1. d4 g6 2. c4 Bg7 3. Nc3 d6 4. e4 e5 5. d5 f5 6. Bd3 Nf6 7. f3 O-O 8. Be3 Na6
9. Nge2 Nc5 10. Bc2 fxe4 11. Nxe4 Nfxe4 12. Bxe4 Nxe4 13. fxe4 Bh6 14. Qd3 Qh4+
15. Ng3 Rf4 16. O-O-O Rf2 17. Rd2 Rf7 18. Kc2 Bg4 19. Bxh6 Qxh6 20. h3 Bd7 21.
Rf1 Raf8 22. Rxf7 Rxf7 23. Ne2 Qh4 24. Ng1 Rf2 25. Qe3 Rf4 26. Nf3 Qg3 27. Qxa7
Bxh3 28. Rd3 Bxg2 29. Nd2 Qh2 30. Kc3 Rf7 31. Qxb7 Qf4 32. Qc8+ Kg7 33. a4 Bf1
34. Rf3 Bg2 35. Rxf4 exf4 36. a5 f3 37. a6 f2 38. a7 Rf3+ 39. Kb4 c5+ 40. dxc6
Rf7 41. a8=Q Bxe4 42. Qh8+ Kh6 43. Qd4 Bg2 44. Qd8 Bxc6 45. Q8h4# 1-0

[Event "Mittelfrankenliga 05/06 (B1)"]
[Site "Mfr.2005/06-R2"]
[Date "2005.11.20"]
[Round "2.7"]
[White "Rosin, Ralf"]
[Black "Vogt, Peter[62]"]
[Result "0-1"]
[WhiteElo "1961"]
[BlackElo "1870"]
[Annotator "Schwanstetten1-Gr'seebach1"]
[PlyCount "110"]
[EventDate "2005.11.20"]
[SourceDate "2005.10.17"]

1. e4 c5 2. f4 Nc6 3. Nf3 e6 4. Bb5 Nge7 5. O-O a6 6. Bxc6 Nxc6 7. c3 Be7 8. d3
O-O 9. Be3 d6 10. a4 Bd7 11. Nbd2 Qc7 12. Qe2 b5 13. axb5 axb5 14. d4 cxd4 15.
Nxd4 Nxd4 16. Bxd4 e5 17. Be3 Qc6 18. Qf3 Rxa1 19. Rxa1 Ra8 20. Qd1 f6 21. Qb3+
Kf8 22. Rf1 Be8 23. Qe6 Bf7 24. Qf5 Bg6 25. Qe6 Bxe4 26. fxe5 dxe5 27. Qg4 Bd3
28. Rd1 Ra4 29. Qh3 Bc2 30. Rc1 Bg6 31. Rd1 Ra2 32. Nf3 Rxb2 33. Bd2 Rb1 34.
Rxb1 Bxb1 35. Be1 Bc5+ 36. Kh1 Be4 37. Qg4 Bxf3 38. gxf3 Be7 39. Kg2 Qc4 40.
Qg3 e4 41. fxe4 Qxe4+ 42. Kh3 Qf5+ 43. Kg2 Qg5 44. Qxg5 fxg5 45. Kf3 Ke8 46.
Ke4 Kd7 47. h3 Kc6 48. Bd2 Bf6 49. Be1 Kc5 50. Kd3 h5 51. Bg3 Kd5 52. Be1 h4
53. Bd2 g4 54. hxg4 h3 55. Bf4 Be5 0-1

[Event "Mittelfrankenliga 05/06 (B1)"]
[Site "Mfr.2005/06-R2"]
[Date "2005.11.20"]
[Round "2.8"]
[White "Kotissek, Ulrich"]
[Black "Kirch, Daniel"]
[Result "0-1"]
[WhiteElo "1884"]
[BlackElo "1864"]
[Annotator "Schwanstetten1-Gr'seebach1"]
[PlyCount "54"]
[EventDate "2005.11.20"]
[SourceDate "2005.10.17"]

1. d4 Nf6 2. Nf3 e6 3. g3 b6 4. Bg2 Bb7 5. O-O d5 6. c4 Be7 7. Nc3 O-O 8. cxd5
Nxd5 9. Nxd5 exd5 10. Bf4 c5 11. Rc1 Nc6 12. dxc5 bxc5 13. Qb3 Na5 14. Qd3 Rc8
15. Rfd1 Qb6 16. Rc2 Rfd8 17. Bh3 Rc6 18. Ne5 Rcd6 19. Qf5 Rf6 20. Qh5 Bd6 21.
Ng4 Rg6 22. Qf5 Bxf4 23. Qxf4 Bc8 24. Kg2 Nc4 25. b3 Nd6 26. Rxd5 Bb7 27. Rcxc5
Qxc5 0-1

[Event "Mittelfrankenliga 05/06 (B1)"]
[Site "Mfr.2005/06-R2"]
[Date "2005.11.20"]
[Round "2.1"]
[White "Basting, Steffen"]
[Black "Gueting, Jens"]
[Result "0-1"]
[WhiteElo "1973"]
[BlackElo "2169"]
[Annotator "Nbg.1911/1-SF Fürth1"]
[PlyCount "66"]
[EventDate "2005.11.20"]
[SourceDate "2005.10.17"]

1. Nf3 d6 2. c4 e5 3. Nc3 Nc6 4. g3 f5 5. d3 Nf6 6. Bg2 Be6 7. O-O Qd7 8. Rb1
h6 9. b4 g5 10. b5 Nd8 11. Nd2 Bg7 12. Qc2 Qf7 13. Ba3 h5 14. Nd5 Nh7 15. Qa4
Qd7 16. Qa5 Bxd5 17. cxd5 b6 18. Qa4 h4 19. Nc4 Nf7 20. Rfc1 hxg3 21. hxg3 a5
22. Qc2 Ra7 23. Nd2 Nd8 24. Rb3 O-O 25. Rc3 Rf7 26. Rb3 g4 27. Nc4 Rb7 28. Bb2
Ng5 29. Qd2 Bh6 30. e3 Rh7 31. Qe2 Qe8 32. e4 Qh5 33. exf5 Nf3+ 0-1

[Event "Mittelfrankenliga 05/06 (B1)"]
[Site "Mfr.2005/06-R2"]
[Date "2005.11.20"]
[Round "2.2"]
[White "Demburg, Dimitrij"]
[Black "Kociurzynski, Andre"]
[Result "1-0"]
[WhiteElo "1956"]
[BlackElo "1954"]
[Annotator "Nbg.1911/1-SF Fürth1"]
[PlyCount "119"]
[EventDate "2005.11.20"]
[SourceDate "2005.10.17"]

1. e4 c5 2. Nc3 Nc6 3. g3 g6 4. Bg2 Bg7 5. d3 Rb8 6. Be3 b5 7. Qd2 b4 8. Nd1 d6
9. f4 Qc7 10. Nf3 Nf6 11. h3 O-O 12. O-O Nd7 13. f5 Nde5 14. Bh6 Nxf3+ 15. Rxf3
Ne5 16. Rf2 c4 17. Bxg7 Kxg7 18. d4 Nd7 19. c3 bxc3 20. Nxc3 Bb7 21. Re1 e5 22.
dxe5 dxe5 23. Nb5 Qd8 24. Nd6 f6 25. Nxc4 Nc5 26. Nd6 Qb6 27. b4 Na4 28. fxg6
hxg6 29. Nf5+ gxf5 30. Qd7+ Rf7 31. Qxa4 Rh8 32. exf5 Bxg2 33. Kxg2 Qb7+ 34.
Kh2 Kf8 35. h4 Rfh7 36. b5 Rg7 37. Qb4+ Kg8 38. Qc4+ Kh7 39. Qc6 Qe7 40. Qf3
Qb4 41. Rd1 Rg4 42. Kh3 Rhg8 43. Rd7+ Kh8 44. Kh2 e4 45. Qe3 Qf8 46. Qxa7 Qh6
47. Rg2 e3 48. Kh3 e2 49. Re7 Rc4 50. Qf2 Qc1 51. Rxe2 Rc3 52. Kh2 Rd8 53. Rc2
Rxc2 54. Qxc2 Qf1 55. Qe2 Qxf5 56. b6 Rb8 57. Qe3 Rb7 58. Re2 Kg7 59. Rb2 Qd7
60. Qb3 1-0

[Event "Mittelfrankenliga 05/06 (B1)"]
[Site "Mfr.2005/06-R2"]
[Date "2005.11.20"]
[Round "2.3"]
[White "Kirbach, Thomas"]
[Black "Steger, Otmar"]
[Result "1-0"]
[WhiteElo "1936"]
[BlackElo "1984"]
[Annotator "Nbg.1911/1-SF Fürth1"]
[PlyCount "83"]
[EventDate "2005.11.20"]
[SourceDate "2005.10.17"]

1. d4 Nf6 2. c4 e6 3. Nc3 d5 4. Bg5 c6 5. Nf3 Be7 6. e3 O-O 7. Rc1 Nbd7 8. Bd3
dxc4 9. Bxc4 Nd5 10. Bxe7 Qxe7 11. O-O Nxc3 12. Rxc3 e5 13. Nxe5 Nxe5 14. dxe5
Qxe5 15. f4 Qa5 16. Qf3 Be6 17. Bxe6 fxe6 18. a3 Qb5 19. b4 Rad8 20. e4 Rd4 21.
Rc5 Qd3 22. Re5 Qxf3 23. Rxf3 Rf6 24. Kf1 Rd2 25. h3 h6 26. h4 Rg6 27. g3 Rd1+
28. Ke2 Rg1 29. Kf2 Rd1 30. h5 Rf6 31. Ke2 Rd4 32. Rc3 a6 33. Ke3 Rd1 34. Rd3
Rxd3+ 35. Kxd3 Kf7 36. Kc4 g6 37. Kc5 gxh5 38. Rxh5 Kg6 39. Rh1 h5 40. e5 Rf8
41. Kd6 a5 42. Kxe6 1-0

[Event "Mittelfrankenliga 05/06 (B1)"]
[Site "Mfr.2005/06-R2"]
[Date "2005.11.20"]
[Round "2.4"]
[White "Augustin, Achim"]
[Black "Schoeller, Wolfgang"]
[Result "1-0"]
[WhiteElo "1948"]
[BlackElo "2003"]
[Annotator "Nbg.1911/1-SF Fürth1"]
[PlyCount "62"]
[EventDate "2005.11.20"]
[SourceDate "2005.10.17"]

1. d4 Nf6 2. Bg5 Ne4 3. Bh4 c5 4. f3 g5 5. fxe4 gxh4 6. e3 Bh6 7. Qd3 Nc6 8. c3
Qb6 9. b3 Qa5 10. Nf3 d6 11. d5 Ne5 12. Nxe5 dxe5 13. Nd2 h3 14. gxh3 Bd7 15.
Rg1 b5 16. Be2 O-O-O 17. Bg4 e6 18. Ke2 Kc7 19. a4 bxa4 20. Nc4 Qa6 21. Nxe5
Qd6 22. Nxd7 Qxh2+ 23. Kf3 Rxd7 24. Qb5 Rb8 25. Qxc5+ Kd8 26. Bxe6 Re7 27. Rg8+
Re8 28. Qa5+ Ke7 29. Qxa7+ Kf6 30. Qxf7+ Ke5 31. Qc7+ Kf6 1-0

[Event "Mittelfrankenliga 05/06 (B1)"]
[Site "Mfr.2005/06-R2"]
[Date "2005.11.20"]
[Round "2.5"]
[White "Koschka, Guenther"]
[Black "Wissmeier, Bernd"]
[Result "1-0"]
[WhiteElo "1938"]
[BlackElo "1910"]
[Annotator "Nbg.1911/1-SF Fürth1"]
[PlyCount "59"]
[EventDate "2005.11.20"]
[SourceDate "2005.10.17"]

1. e4 c5 2. Nf3 d6 3. d4 cxd4 4. Nxd4 Nf6 5. Bd3 a6 6. c4 e6 7. O-O Be7 8. Nc3
O-O 9. Qe2 Nbd7 10. Bg5 Ne5 11. Bc2 Qc7 12. Bb3 Ng6 13. Rac1 h6 14. Be3 Bd7 15.
f4 Rac8 16. h3 Rfe8 17. f5 Ne5 18. fxe6 fxe6 19. c5 d5 20. exd5 exd5 21. Nxd5
Nxd5 22. Bxd5+ Kh8 23. Qh5 Kh7 24. Ne6 Bxe6 25. Bxe6 Rcd8 26. Rf5 Bxc5 27. Rxc5
Qxc5 28. Bxc5 g6 29. Qe2 gxf5 30. Qxe5 1-0

[Event "Mittelfrankenliga 05/06 (B1)"]
[Site "Mfr.2005/06-R2"]
[Date "2005.11.20"]
[Round "2.6"]
[White "Weinmann, Stefan"]
[Black "Thiele, Heinz[56]"]
[Result "1-0"]
[WhiteElo "1991"]
[BlackElo "1994"]
[Annotator "Nbg.1911/1-SF Fürth1"]
[PlyCount "75"]
[EventDate "2005.11.20"]
[SourceDate "2005.10.17"]

1. d4 g6 2. c4 Bg7 3. Nc3 d6 4. e4 Nf6 5. f3 O-O 6. Be3 Nc6 7. Nge2 e5 8. d5
Ne7 9. Qd2 c6 10. Nc1 cxd5 11. cxd5 a6 12. Nd3 Nd7 13. Be2 f5 14. O-O-O b5 15.
Kb1 Nb6 16. b3 Bd7 17. Rc1 a5 18. Nb2 a4 19. Bxb5 Bxb5 20. Nxb5 axb3 21. axb3
Rb8 22. Nc7 Qd7 23. Ne6 Rf7 24. Qa5 Na8 25. Qa4 Qb7 26. Rc3 h6 27. Rhc1 Kh7 28.
Nc4 Nxd5 29. exd5 Qxd5 30. Nxg7 Rxg7 31. Nb2 Rgb7 32. Qc4 Qa5 33. Qh4 f4 34.
Bd2 Qa3 35. Qf6 h5 36. Rc8 Rxc8 37. Rxc8 Rg7 38. Qf8 1-0

[Event "Mittelfrankenliga 05/06 (B1)"]
[Site "Mfr.2005/06-R2"]
[Date "2005.11.20"]
[Round "2.7"]
[White "Dittmar, Thomas"]
[Black "Pannek, Matthias"]
[Result "1/2-1/2"]
[WhiteElo "1920"]
[BlackElo "1953"]
[Annotator "Nbg.1911/1-SF Fürth1"]
[PlyCount "47"]
[EventDate "2005.11.20"]
[SourceDate "2005.10.17"]

1. d4 d5 2. c4 e6 3. Nc3 Nf6 4. cxd5 exd5 5. Bg5 Be7 6. e3 c6 7. Bd3 O-O 8.
Nge2 Nbd7 9. Qc2 Re8 10. O-O Nf8 11. a3 Nh5 12. Bxe7 Qxe7 13. Rae1 Bg4 14. h3
Bxe2 15. Qxe2 Qh4 16. Qf3 Rad8 17. g3 Qg5 18. h4 Qh6 19. g4 Nf6 20. g5 Qh5 21.
Qxh5 Nxh5 22. Be2 g6 23. Bxh5 gxh5 24. Kg2 1/2-1/2

[Event "Mittelfrankenliga 05/06 (B1)"]
[Site "Mfr.2005/06-R2"]
[Date "2005.11.20"]
[Round "2.8"]
[White "Leising, Thomas"]
[Black "Berkovych, Igor"]
[Result "1/2-1/2"]
[WhiteElo "1918"]
[BlackElo "1913"]
[Annotator "Nbg.1911/1-SF Fürth1"]
[PlyCount "115"]
[EventDate "2005.11.20"]
[SourceDate "2005.10.17"]

1. e4 e5 2. Nf3 Nf6 3. Nxe5 d6 4. Nc4 Nxe4 5. Qe2 Qe7 6. Ne3 c6 7. d3 Nf6 8.
Bd2 d5 9. Bc3 Be6 10. Nd2 Na6 11. d4 Nc7 12. a3 a5 13. b3 g6 14. g3 Bg7 15. Bg2
O-O 16. Bb2 Rfe8 17. O-O a4 18. b4 Nb5 19. Qd3 Nd6 20. Rae1 Qc7 21. c3 Nf5 22.
Nf3 Nxe3 23. Rxe3 Bf5 24. Rxe8+ Rxe8 25. Qd1 b5 26. Re1 Be4 27. Bc1 Bxf3 28.
Bxf3 Ne4 29. Bxe4 dxe4 30. f3 f5 31. fxe4 fxe4 32. Qg4 Qe7 33. Bg5 Qe6 34.
Qxe6+ Rxe6 35. Kg2 Kf7 36. Rf1+ Bf6 37. Be3 Ke7 38. Rf2 Kd6 39. Kf1 Kd5 40. Ke2
Kc4 41. Kd2 Kb3 42. Rf1 Kb2 43. Rc1 Be7 44. Re1 Rf6 45. Bf4 g5 46. Bxg5 Rf2+
47. Ke3 Bxg5+ 48. Kxf2 e3+ 49. Ke2 Kxa3 50. Kd3 Kb2 51. Re2+ Kb3 52. h4 Bh6 53.
g4 a3 54. g5 Bg7 55. Rxe3 a2 56. Re1 Kb2 57. Re2+ Ka3 58. Re1 1/2-1/2

[Event "Mittelfrankenliga 05/06 (B2a)"]
[Site "Mfr.2005/06-R2"]
[Date "2005.11.20"]
[Round "2.1"]
[White "Auer, Guenther"]
[Black "Krisin, Joachim"]
[Result "1-0"]
[WhiteElo "2009"]
[BlackElo "1898"]
[Annotator "Siem.Erlangen1-Altensittenbach2"]
[PlyCount "67"]
[EventDate "2005.11.20"]
[SourceDate "2005.10.17"]

1. d4 Nf6 2. c4 e6 3. Nc3 Bb4 4. f3 c5 5. d5 d6 6. e4 e5 7. Bd3 Bxc3+ 8. bxc3
Qa5 9. Ne2 Nbd7 10. O-O Nf8 11. f4 Ng6 12. f5 Nf8 13. Qe1 Bd7 14. Qg3 Nh5 15.
Qg5 g6 16. g4 Nf4 17. Bxf4 exf4 18. Qxf4 O-O-O 19. Qxd6 Bxf5 20. Qe5 Nd7 21.
Qf4 Bxg4 22. Qxg4 f5 23. exf5 Ne5 24. Qh3 Nxd3 25. f6+ Rd7 26. Qxd3 Rf7 27. Qe4
Rhf8 28. Qe6+ Kb8 29. Qd6+ Kc8 30. Ng3 Qc7 31. Qxc7+ Kxc7 32. Ne4 b6 33. Ng5
Rxf6 34. Ne6+ 1-0

[Event "Mittelfrankenliga 05/06 (B2a)"]
[Site "Mfr.2005/06-R2"]
[Date "2005.11.20"]
[Round "2.2"]
[White "Guenther, Torsten"]
[Black "Roesel, Gert"]
[Result "1/2-1/2"]
[WhiteElo "1978"]
[BlackElo "1889"]
[Annotator "Siem.Erlangen1-Altensittenbach2"]
[PlyCount "82"]
[EventDate "2005.11.20"]
[SourceDate "2005.10.17"]

1. c4 Nf6 2. g3 g6 3. Bg2 Bg7 4. Nc3 O-O 5. e4 d6 6. d3 c5 7. Nge2 Nc6 8. O-O
a6 9. a4 Rb8 10. h3 Bd7 11. Be3 Ne8 12. Qd2 Nc7 13. Bh6 Ne6 14. Bxg7 Kxg7 15.
f4 Ned4 16. Rae1 f5 17. exf5 Nxf5 18. g4 Nfd4 19. Ng3 e5 20. Nge4 Be6 21. Ne2
Nxe2+ 22. Rxe2 Nd4 23. Ref2 exf4 24. Rxf4 Rxf4 25. Rxf4 Qe7 26. Qf2 d5 27. Nxc5
Ne2+ 28. Qxe2 Qxc5+ 29. Kf1 Qd6 30. Rf3 dxc4 31. dxc4 Re8 32. Kg1 Qd4+ 33. Qe3
Qxc4 34. Qc3+ Qxc3 35. Rxc3 b5 36. axb5 axb5 37. Bc6 Rb8 38. Rc5 Bc4 39. Kf2
Rc8 40. b3 Bxb3 41. Rxb5 Rxc6 1/2-1/2

[Event "Mittelfrankenliga 05/06 (B2a)"]
[Site "Mfr.2005/06-R2"]
[Date "2005.11.20"]
[Round "2.3"]
[White "Ammon, Tobias"]
[Black "Poelsterl, Hans"]
[Result "0-1"]
[WhiteElo "1735"]
[BlackElo "1863"]
[Annotator "Siem.Erlangen1-Altensittenbach2"]
[PlyCount "94"]
[EventDate "2005.11.20"]
[SourceDate "2005.10.17"]

1. c4 Nf6 2. Nc3 d6 3. d4 g6 4. e4 Bg7 5. f4 O-O 6. Nf3 c5 7. d5 e6 8. Be2 Re8
9. e5 dxe5 10. fxe5 Ng4 11. Bg5 Qa5 12. O-O Nxe5 13. Nxe5 Bxe5 14. Qd2 exd5 15.
cxd5 Bf5 16. Rxf5 gxf5 17. Bd3 Qb4 18. Rf1 f6 19. Bf4 Qd4+ 20. Kh1 Bxf4 21.
Rxf4 Qe3 22. Qxe3 Rxe3 23. Bf1 Re5 24. Bd3 Nd7 25. Rxf5 Rxf5 26. Bxf5 Nb6 27.
Ne4 Rd8 28. Nxc5 Nxd5 29. Nxb7 Re8 30. Kg1 Kg7 31. Nd6 Re2 32. Nc4 Nf4 33. g3
Ng6 34. Bd3 Re1+ 35. Kf2 Ra1 36. a3 Ne5 37. Nxe5 fxe5 38. Ke3 h6 39. Bc4 Kf6
40. h3 Re1+ 41. Kf2 Rb1 42. b3 e4 43. h4 Ke5 44. g4 Kf4 45. g5 Rb2+ 46. Ke1
hxg5 47. hxg5 Kxg5 0-1

[Event "Mittelfrankenliga 05/06 (B2a)"]
[Site "Mfr.2005/06-R2"]
[Date "2005.11.20"]
[Round "2.4"]
[White "Mueller, Stefan[65]"]
[Black "Walter, Bernd[75]"]
[Result "1-0"]
[WhiteElo "1967"]
[BlackElo "1675"]
[Annotator "Siem.Erlangen1-Altensittenbach2"]
[PlyCount "59"]
[EventDate "2005.11.20"]
[SourceDate "2005.10.17"]

1. e4 e5 2. Nf3 Nc6 3. Bb5 a6 4. Bxc6 dxc6 5. O-O Bd6 6. b3 Bg4 7. Bb2 Nf6 8.
Re1 O-O 9. d3 Nd7 10. h3 Bh5 11. g4 Bg6 12. Nbd2 f6 13. Kg2 Nc5 14. d4 exd4 15.
Nxd4 Be5 16. Nc4 Bxe4+ 17. f3 Bd5 18. Nxe5 fxe5 19. Rxe5 g6 20. c4 Qf6 21. Re3
Be6 22. Qe2 Bd7 23. Nf5 Qg5 24. h4 Qf4 25. Be5 Rxf5 26. Bxf4 Rxf4 27. Rd1 Raf8
28. b4 Ne6 29. Rxe6 Bxe6 30. Qxe6+ 1-0

[Event "Mittelfrankenliga 05/06 (B2a)"]
[Site "Mfr.2005/06-R2"]
[Date "2005.11.20"]
[Round "2.5"]
[White "Schoemig, Anton"]
[Black "Weh, Peter"]
[Result "1/2-1/2"]
[WhiteElo "1866"]
[BlackElo "1839"]
[Annotator "Siem.Erlangen1-Altensittenbach2"]
[PlyCount "149"]
[EventDate "2005.11.20"]
[SourceDate "2005.10.17"]

1. e4 e6 2. d4 d5 3. exd5 exd5 4. Bd3 Bd6 5. Ne2 Qh4 6. Nd2 Bg4 7. h3 Bh5 8. c3
Ne7 9. Qb3 O-O 10. Nf1 Nbc6 11. Qc2 Bg6 12. Be3 Bxd3 13. Qxd3 a6 14. O-O-O Na5
15. Nd2 Qh5 16. Nf4 Bxf4 17. Bxf4 Rac8 18. Rde1 Qg6 19. Qxg6 Nxg6 20. Bg3 b6
21. b4 Nb7 22. Nb3 Nd8 23. Kd2 Ne6 24. a4 Ng5 25. f3 Ne6 26. Nc1 Rfe8 27. Nd3
Ne7 28. Bh2 Nf5 29. Nf4 Nxf4 30. Bxf4 c6 31. Rxe8+ Rxe8 32. Re1 Rxe1 33. Kxe1
f6 34. Ke2 b5 35. axb5 axb5 36. g4 Ne7 37. h4 Kf7 38. Bd6 Ng6 39. h5 Nh8 40.
Ke3 g6 41. hxg6+ hxg6 42. g5 Ke6 43. Bf4 fxg5 44. Bxg5 Kf5 45. Bd8 Nf7 46. Bc7
Ng5 47. Be5 Ne6 48. Bd6 g5 49. Be5 Nf8 50. Bd6 Nd7 51. Bc7 g4 52. fxg4+ Kxg4
53. Bd8 Nf8 54. Be7 Ne6 55. Bf6 Nf4 56. Be5 Ng2+ 57. Kf2 Nh4 58. Bb8 Nf3 59.
Ke3 Ng5 60. Bc7 Ne4 61. Kd3 Kf3 62. Be5 Nf2+ 63. Kd2 Ke4 64. Bg3 Ng4 65. Bh4
Ne3 66. Bg5 Nc4+ 67. Kc2 Nd6 68. Be7 Nf5 69. Bg5 Ng3 70. Bh4 Nf1 71. Bg5 Nh2
72. Bc1 Nf3 73. Bh6 Ne1+ 74. Kd2 Nf3+ 75. Kc2 1/2-1/2

[Event "Mittelfrankenliga 05/06 (B2a)"]
[Site "Mfr.2005/06-R2"]
[Date "2005.11.20"]
[Round "2.6"]
[White "Ziegler, Ronald"]
[Black "Bayer, Willi"]
[Result "1/2-1/2"]
[WhiteElo "1876"]
[BlackElo "1610"]
[Annotator "Siem.Erlangen1-Altensittenbach2"]
[PlyCount "50"]
[EventDate "2005.11.20"]
[SourceDate "2005.10.17"]

1. e4 c5 2. Nf3 d6 3. d4 cxd4 4. Nxd4 Nf6 5. Nc3 a6 6. Bg5 e6 7. f4 Nbd7 8. Be2
Be7 9. Qd2 Qc7 10. O-O b5 11. Bf3 Bb7 12. Rae1 O-O 13. e5 Bxf3 14. Nxf3 dxe5
15. fxe5 Bc5+ 16. Be3 Ng4 17. Bd4 Ngxe5 18. Qe3 Nxf3+ 19. Rxf3 Bxd4 20. Qxd4
Qc5 21. Rd1 Rad8 22. Rfd3 Rc8 23. Ne4 Qxd4+ 24. Rxd4 Ne5 25. c3 Nc6 1/2-1/2

[Event "Mittelfrankenliga 05/06 (B2a)"]
[Site "Mfr.2005/06-R2"]
[Date "2005.11.20"]
[Round "2.8"]
[White "Kirsch, Heinrich"]
[Black "Churt, Kerstin,Dr."]
[Result "1-0"]
[WhiteElo "1670"]
[BlackElo "1787"]
[Annotator "Siem.Erlangen1-Altensittenbach2"]
[PlyCount "51"]
[EventDate "2005.11.20"]
[SourceDate "2005.10.17"]

1. d4 d5 2. Nf3 Nf6 3. h3 Bf5 4. Bf4 c6 5. c3 Qb6 6. Qb3 Nbd7 7. Nbd2 Ne4 8.
Nh4 Be6 9. Nhf3 g6 10. Qc2 Ndf6 11. Be5 Bf5 12. g4 Nxf2 13. gxf5 Nxh1 14. Bg2
gxf5 15. Bxh1 Rg8 16. Bxf6 exf6 17. O-O-O Bg7 18. Qxf5 h6 19. Rg1 Qd8 20. Qh7
Kf8 21. Nh4 Qe8 22. Nf5 Qxe2 23. Rxg7 Qe1+ 24. Kc2 Rxg7 25. Qxg7+ Ke8 26. Qg8+
1-0

[Event "Mittelfrankenliga 05/06 (B2a)"]
[Site "Mfr.2005/06-R2"]
[Date "2005.11.20"]
[Round "2.1"]
[White "Weiss, Markus[86]"]
[Black "Kuhlmann, Christoph,Dr."]
[Result "0-1"]
[WhiteElo "1921"]
[BlackElo "2097"]
[Annotator "Lauf1-SG/TB Erlangen2"]
[PlyCount "58"]
[EventDate "2005.11.20"]
[SourceDate "2005.10.17"]

1. d4 g6 2. c4 Bg7 3. Nc3 d6 4. e4 e5 5. dxe5 dxe5 6. Qxd8+ Kxd8 7. f4 Nd7 8.
Nf3 c6 9. Be2 f6 10. O-O Nh6 11. fxe5 Nxe5 12. Bf4 Nhf7 13. Rad1+ Ke7 14. Nd4
Nd8 15. Na4 b6 16. Rd2 Bd7 17. Rfd1 Ndf7 18. c5 b5 19. Nc3 Bh6 20. Bxh6 Nxh6
21. h3 Nhf7 22. Nf3 Be6 23. Nd4 Rac8 24. Nxe6 Kxe6 25. Bf1 Rhd8 26. Ne2 Rxd2
27. Rxd2 Ke7 28. Nd4 Ng5 29. Nf3 Ngxf3+ 0-1

[Event "Mittelfrankenliga 05/06 (B2a)"]
[Site "Mfr.2005/06-R2"]
[Date "2005.11.20"]
[Round "2.2"]
[White "Hauernherm-Thoma, Wolfgang"]
[Black "Albrecht, Thorsten"]
[Result "1/2-1/2"]
[WhiteElo "2071"]
[BlackElo "1964"]
[Annotator "Lauf1-SG/TB Erlangen2"]
[PlyCount "50"]
[EventDate "2005.11.20"]
[SourceDate "2005.10.17"]

1. d4 Nf6 2. Nf3 d5 3. e3 Bf5 4. c4 c6 5. Bd3 Bxd3 6. Qxd3 g6 7. cxd5 cxd5 8.
Nc3 a6 9. O-O Bg7 10. Bd2 O-O 11. Rfc1 Nc6 12. Na4 Ne4 13. Nc5 Nxc5 14. Rxc5
Qd7 15. Rac1 e6 16. b4 Rfc8 17. a4 Ne7 18. b5 axb5 19. Qxb5 Qxb5 20. axb5 b6
21. Rc7 Rxc7 22. Rxc7 Nc8 23. Kf1 Nd6 24. Rc6 Nxb5 25. Rxb6 Na3 1/2-1/2

[Event "Mittelfrankenliga 05/06 (B2a)"]
[Site "Mfr.2005/06-R2"]
[Date "2005.11.20"]
[Round "2.3"]
[White "Jillek, Werner,Dr."]
[Black "Puschak, Oliver"]
[Result "0-1"]
[WhiteElo "1906"]
[BlackElo "1918"]
[Annotator "Lauf1-SG/TB Erlangen2"]
[PlyCount "76"]
[EventDate "2005.11.20"]
[SourceDate "2005.10.17"]

1. f4 b6 2. Nf3 Bb7 3. e3 Nf6 4. b3 e6 5. Bb2 Be7 6. Be2 O-O 7. O-O d6 8. Qe1
Nbd7 9. Ng5 h6 10. Nh3 e5 11. d3 Ne8 12. f5 Bh4 13. g3 Bf6 14. Nd2 e4 15. d4 d5
16. c4 c5 17. cxd5 Bxd5 18. Nf4 Bb7 19. Nc4 Qc7 20. Rd1 cxd4 21. exd4 Nd6 22.
Nxd6 Qxd6 23. Bc4 a6 24. Nh5 b5 25. Nxf6+ Nxf6 26. Be2 Rac8 27. Qd2 Rfe8 28.
Rc1 Qd5 29. Qe3 Rxc1 30. Rxc1 Qxf5 31. Rf1 Qe6 32. Qf4 Rc8 33. Bd1 Nd5 34. Qh4
Ne3 35. Re1 Nxd1 36. Rxd1 Qd5 37. Rc1 Rxc1+ 38. Bxc1 e3 0-1

[Event "Mittelfrankenliga 05/06 (B2a)"]
[Site "Mfr.2005/06-R2"]
[Date "2005.11.20"]
[Round "2.4"]
[White "Petersammer, Georg"]
[Black "Staehle, Philipp"]
[Result "1-0"]
[WhiteElo "1970"]
[BlackElo "1814"]
[Annotator "Lauf1-SG/TB Erlangen2"]
[PlyCount "89"]
[EventDate "2005.11.20"]
[SourceDate "2005.10.17"]

1. d4 d5 2. Nf3 e6 3. Bg5 Be7 4. Bf4 Nf6 5. Nbd2 O-O 6. e3 b6 7. Bd3 Bb7 8. h3
h6 9. Qe2 c5 10. c3 Nbd7 11. O-O c4 12. Bc2 b5 13. e4 dxe4 14. Nxe4 Qb6 15.
Nfd2 Rac8 16. Rfe1 Qc6 17. Nxf6+ Nxf6 18. f3 Bd6 19. Be5 Bxe5 20. Qxe5 Qc7 21.
a3 a6 22. Rad1 Rfd8 23. Nf1 Rd5 24. Qxc7 Rxc7 25. Ne3 Rg5 26. Kf2 Nd5 27. Ng4
Re7 28. h4 Rh5 29. g3 Kf8 30. Rh1 g5 31. hxg5 Rxh1 32. Rxh1 hxg5 33. Rh8+ Kg7
34. Rh7+ Kg8 35. Rh2 a5 36. Bh7+ Kg7 37. Be4 Ba8 38. Rh7+ Kg8 39. Nh6+ Kf8 40.
Rh8+ Kg7 41. Rxa8 Kxh6 42. Rxa5 Rb7 43. Ra6 Kh5 44. Bxd5 exd5 45. Rd6 1-0

[Event "Mittelfrankenliga 05/06 (B2a)"]
[Site "Mfr.2005/06-R2"]
[Date "2005.11.20"]
[Round "2.5"]
[White "Heumueller, Marc"]
[Black "Zach, Andreas[59]"]
[Result "1/2-1/2"]
[WhiteElo "1818"]
[BlackElo "1879"]
[Annotator "Lauf1-SG/TB Erlangen2"]
[PlyCount "99"]
[EventDate "2005.11.20"]
[SourceDate "2005.10.17"]

1. d4 d5 2. c4 c6 3. Nc3 Nf6 4. Bg5 g6 5. Bxf6 exf6 6. e3 Be6 7. cxd5 cxd5 8.
Qb3 Nd7 9. Nf3 Be7 10. Bd3 O-O 11. O-O Nb6 12. Nd2 Rc8 13. Rac1 f5 14. Nb5 a6
15. Nc3 Qd6 16. a3 Rc7 17. Qd1 Nd7 18. Qe2 Rfc8 19. Nb3 Qb6 20. Bc2 Qa7 21. a4
Qb8 22. Bd3 Bd6 23. g3 Nf6 24. f3 h5 25. a5 Kg7 26. Na4 Rxc1 27. Rxc1 Rxc1+ 28.
Nxc1 Qc7 29. Nb3 Bb4 30. Qc2 Bxa5 31. Qc5 Qxc5 32. Naxc5 b6 33. Nxa6 Bc8 34.
Nxa5 Bxa6 35. Bxa6 bxa5 36. Kf2 Kf8 37. Ke2 Ke7 38. Kd2 Kd6 39. Bb5 Nd7 40. Kc3
Nb6 41. b3 Nc8 42. h4 Kc7 43. b4 Nd6 44. Ba4 axb4+ 45. Kxb4 Kb6 46. f4 Nc4 47.
Be8 Nd6 48. Ba4 Nc4 49. Be8 Nd6 50. Ba4 1/2-1/2

[Event "Mittelfrankenliga 05/06 (B2a)"]
[Site "Mfr.2005/06-R2"]
[Date "2005.11.20"]
[Round "2.6"]
[White "Winkler, Marcus[78]"]
[Black "Hetzner, Andreas"]
[Result "1-0"]
[WhiteElo "1812"]
[BlackElo "1777"]
[Annotator "Lauf1-SG/TB Erlangen2"]
[PlyCount "83"]
[EventDate "2005.11.20"]
[SourceDate "2005.10.17"]

1. c4 e6 2. Nc3 Nf6 3. Nf3 d5 4. cxd5 Nxd5 5. g3 Nd7 6. Bg2 N7f6 7. O-O Be7 8.
d3 O-O 9. a3 c5 10. Ne1 Nxc3 11. bxc3 Nd5 12. Qc2 Nxc3 13. Bb2 Nd5 14. Nf3 b6
15. Rfd1 Bb7 16. Qa4 Bf6 17. Bxf6 Nxf6 18. d4 Qd7 19. Qxd7 Nxd7 20. Ne5 Nxe5
21. Bxb7 Rab8 22. Bg2 cxd4 23. Rxd4 Rfd8 24. Rad1 Rxd4 25. Rxd4 Kf8 26. f4 Ng4
27. Rd7 a5 28. a4 Nf6 29. Rc7 Ng4 30. h3 Ne3 31. Bf3 Nf5 32. Kf2 Ne7 33. Ke3
Nf5+ 34. Kf2 Nd4 35. Ke3 Nb3 36. Bc6 Nc5 37. Bb5 Rb7 38. Rc6 Ke7 39. g4 Kf6 40.
g5+ Kg6 41. Kf3 Kf5 42. Rxc5+ 1-0

[Event "Mittelfrankenliga 05/06 (B2a)"]
[Site "Mfr.2005/06-R2"]
[Date "2005.11.20"]
[Round "2.7"]
[White "Orban, Martin"]
[Black "Breitenbach, Albert"]
[Result "1/2-1/2"]
[WhiteElo "1805"]
[BlackElo "1804"]
[Annotator "Lauf1-SG/TB Erlangen2"]
[PlyCount "45"]
[EventDate "2005.11.20"]
[SourceDate "2005.10.17"]

1. e4 c5 2. Nf3 d6 3. d4 cxd4 4. Nxd4 Nf6 5. Nc3 a6 6. Bg5 e6 7. Qd2 Be7 8. f3
Bd7 9. g4 Nc6 10. O-O-O Rc8 11. h4 b5 12. Nxc6 Rxc6 13. Ne2 e5 14. Ng3 Qc7 15.
Bxf6 gxf6 16. Rh2 Be6 17. Kb1 d5 18. exd5 Rd6 19. Nf5 Rxd5 20. Ng7+ Kd7 21. Qe1
Kc8 22. Nxe6 fxe6 23. Rhd2 1/2-1/2